Top 10 Assault Rifles - Statistics

General Stats
  • This quiz has been taken 456 times
    449 since last reset
  • The average score is 6 of 10
Answer Stats
Cartridge Country of Origin Answer % Correct
762 Russia AK103
97%
556 USA M16
91%
556 USA M4
85%
556 France FAMAS
58%
556 Germany G36
53%
556 Austria Steyr AUG
53%
556 Belgium FNSCAR
45%
556 Israel TAR21
36%
556 Switzerland SG550
21%
556 Belgium FNF200
16%
No matching quizzes found
Score Distribution
Percent of People with Each Score
Percentile by Number Answered
Your Score History
You have not taken this quiz since the last reset